| 000 | 00775nas a2200253Ia 4500 | ||
|---|---|---|---|
| 001 | R415/38242 | ||
| 003 | IT-RoPAU | ||
| 008 | 151124c99999999xx |||||||||||| ||und|| | ||
| 040 | _aIT-RoPAU | ||
| 040 | _cIT-RoPAU | ||
| 041 | _aFRANCESE | ||
| 100 |
_aAA.VV. _gCodice Aut. SPICS: 12000 |
||
| 210 | _aMUSIQUE EN JEU | ||
| 222 | _aMusique En Jeu | ||
| 245 |
_aMUSIQUE EN JEU (11) SCHNEBEL/LA MONTE JOUNG/MUSICOTHERAPIE _bMusique En Jeu (11) Schnebel/La Monte Joung/Musicotherapie |
||
| 250 | _a1a ed. | ||
| 260 |
_aPARIS _bSEUIL _c1973 |
||
| 501 |
_bPaulus - SPICS - Società San Paolo EM (non-commercial uses only) _cCopyright2015 |
||
| 300 | _a120 p. | ||
| 310 | _aTRIMESTRALE | ||
| 362 | _aVOL.11, | ||
| 650 |
_aMUSICA _vPUBBLICAZIONE PERIODICA |
||
| 942 | _cCR | ||
| 999 |
_c182890 _d182890 |
||